Ars Hispaniae (Record no. 7753)

MARC details
000 -CABECERA
campo de control de longitud fija 01081nam a2200289 a 4500
001 - NÚMERO DE CONTROL
campo de control BRCA_8085
005 - FECHA Y HORA DE LA ÚLTIMA TRANSACCIÓN
campo de control 20190320210126.0
008 - DATOS DE LONGITUD FIJA--INFORMACIÓN GENERAL
campo de control de longitud fija 040414s1950----sp-a###f##---#001-0#spa-#
041 ## - CÓDIGO DE LENGUA
Código de lengua del texto/banda sonora o título independiente spa
044 ## - CÓDIGO DEL PAÍS DE LA ENTIDAD EDITORA/PRODUCTORA
Código MARC del país sp
050 #4 - SIGNATURA TOPOGRÁFICA DE LA BIBLIOTECA DEL CONGRESO
Número de clasificación NK4123
Número de documento/Ítem .A77
-- 1950
100 1# - ENTRADA PRINCIPAL--NOMBRE DE PERSONA
Nombre de persona Spencer Cook, Walter William
9 (RLIN) 20101
245 10 - MENCIÓN DE TÍTULO
Título Ars Hispaniae
Resto del título historia universal del arte hispánico
Mención de responsabilidad, etc. Pinturas e imaginerías románicas por Walter William Spencer Cook y José Gudiol Ricart.
260 ## - PUBLICACIÓN, DISTRIBUCIÓN, ETC.
Lugar de publicación, distribución, etc. Madrid
Nombre del editor, distribuidor, etc. Plus Ultra
Fecha de publicación, distribución, etc. 1950
300 ## - DESCRIPCIÓN FÍSICA
Extensión 404 p.
Otras características físicas il. (algunas a color), 444 láminas
Dimensiones 29 cm.
500 ## - NOTA GENERAL
Nota general Y117
500 ## - NOTA GENERAL
Nota general Ver también AA67, T64 e Y118
504 ## - NOTA DE BIBLIOGRAFÍA, ETC.
Nota de bibliografía, etc. Bibliografía p.391-394
505 0# - NOTA DE CONTENIDO CON FORMATO
Nota de contenido con formato Contenido: V.6. Pintura mural. Pintura sobre tabla. Imaginería.
650 14 - PUNTO DE ACCESO ADICIONAL DE MATERIA--TÉRMINO DE MATERIA
Término de materia o nombre geográfico como elemento de entrada Arte románico
Subdivisión geográfica España
9 (RLIN) 20102
650 14 - PUNTO DE ACCESO ADICIONAL DE MATERIA--TÉRMINO DE MATERIA
Término de materia o nombre geográfico como elemento de entrada pintura mural
Subdivisión de forma Historia
Subdivisión geográfica España
9 (RLIN) 20103
650 14 - PUNTO DE ACCESO ADICIONAL DE MATERIA--TÉRMINO DE MATERIA
Término de materia o nombre geográfico como elemento de entrada Pintura sobre madera
Subdivisión de forma Composiciones artísticas
Subdivisión geográfica España
9 (RLIN) 20104
650 14 - PUNTO DE ACCESO ADICIONAL DE MATERIA--TÉRMINO DE MATERIA
Término de materia o nombre geográfico como elemento de entrada Imaginería
Subdivisión de forma Artes plásticas
Subdivisión geográfica España
9 (RLIN) 20105
700 1# - PUNTO DE ACCESO ADICIONAL--NOMBRE DE PERSONA
Nombre de persona Gudiol Ricart, José
Término indicativo de función/relación coaut.
9 (RLIN) 20106
902 ## - CATALOGADOR
Iniciales GFM
942 ## - ELEMENTOS DE PUNTO DE ACCESO ADICIONAL (KOHA)
Fuente del sistema de clasificación o colocación Library of Congress Classification
Tipo de ítem Koha Libros
Holdings
Estado de retiro Estado de pérdida Estado dañado No para préstamo Localización permanente Ubicación/localización actual Fecha de adquisición Número de inventario Total de préstamos Signatura topográfica completa Código de barras Fecha visto por última vez Precio válido a partir de Tipo de ítem Koha
El ejemplar forma parte de la colección y puede ser consultado según las políticas vigentes.       Biblioteca del Museo Franz Mayer (Rogerio Casas-Alatriste) Biblioteca del Museo Franz Mayer (Rogerio Casas-Alatriste) 04/04/2014 Y117   NK4123 .A77 1950 (Y117) 8709 22/03/2019 22/03/2019 Libros